| 000 | 00837nam a2200205 a 4500 | ||
|---|---|---|---|
| 003 | 0 | ||
| 005 | 20250317125938.0 | ||
| 008 | 071127s19uu xx 00 eng d | ||
| 050 |
_aPGS LB 1027.23.C66 _b.H874 2007 |
||
| 100 | _aHuang, Claire. | ||
| 245 |
_aEducational practices of Tao Yuan Elementary School and Southville International School and Colleges / _cClaire Huang. |
||
| 260 |
_aLas PiƱas City, Philippines : _bSouthville International School and Colleges, _c2007. |
||
| 300 |
_a39 pages : _bcolored illustrations ; _c28 cm. |
||
| 504 | _aIncludes bibliographical references. | ||
| 650 |
_aComparative education _zPhilippines _zTaiwan. |
||
| 650 |
_aEducation _vComparative studies. |
||
| 650 |
_aElementary education _vTeaching methods. |
||
| 650 |
_aSchool management and organization _vCase studies. |
||
| 942 |
_2lcc _cPASS |
||
| 999 |
_c97714 _d97714 |
||